000
00319nam a2200133Ia 4500
008
180730s9999||||xx |||||||||||||| ||und||
020
_a
81700083540
082
_a
534
_b
GAR/S
100
_a
Garrigue, Scott R.
245
0
_a
Sound Forge Power
260
_a
New Delhi
_b
Firewall Media
_c
2012
300
_a
344p
942
_a
BK
999
_c
2051
_d
2051